000 00770nam a2200205Ia 4500
003 GCL
008 140319s9999 xx 000 0 ara d
040 _aGCL /
_cGCL
082 0 4 _a614.7
_bع ى
100 1 _aعصام الدين حواس
245 1 0 _aيا سكان الارض اتحدوا: القصة الكاملة للجهود الدولية لانقاذ كوكبنا الارض من الكارثة القادمه /
_cعصام الدين حواس
300 _a300 ص
490 _aالهيئة العامة للاستعلامات
_v0
650 0 4 _aالبيئة
650 0 4 _aحماية البيئة
650 0 4 _aالبيئة والانسان
650 0 4 _aالاوزون
650 0 4 _aالاوزون - التأثير الفسيولوجى
942 _2ddc
_cBK
999 _c52095
_d52095